[Event "COL-ch visually impaired 2nd"]
[Site "Cali"]
[Date "2008.10.26"]
[Round "4.4"]
[White "Bautista, German"]
[Black "Alvarez, Juan Evangelista"]
[Result "1-0"]
[WhiteElo "1600"]
[BlackElo "1600"]
[PlyCount "37"]
[EventDate "2008.10.25"]
[EventType "swiss"]
[EventRounds "7"]
[EventCountry "COL"]
[SourceTitle "EXT 2024"]
[Source "ChessBase"]
[SourceDate "2023.10.10"]
[SourceVersion "1"]
[SourceVersionDate "2023.10.10"]
[SourceQuality "1"]

1. e4 e5 2. Nf3 Nc6 3. Bc4 Nf6 4. Nc3 Nxe4 5. Bxf7+ Kxf7 6. Nxe4 d5 7. Neg5+ Ke8 8. d4 Be7 9. dxe5 Bg4 10. 0-0 Nxe5 11. h3 Nxf3+ 12. Nxf3 Be6 13. Nd4 Bf7 14. c3 c5 15. Nf5 Qc7 16. Nxe7 Qxe7 17. Be3 h5 18. Re1 Qd6 19. Qd2 1-0